Introducción a la teoría de las relaciones internacionales /
Gardado en:
| Autor Principal: | |
|---|---|
| Formato: | Texto |
| Etiquetas: |
Engadir etiqueta
Sen Etiquetas, Sexa o primeiro en etiquetar este rexistro!
|
MARC
| LEADER | 00000 a a2200000 04500 | ||
|---|---|---|---|
| 001 | 47561 | ||
| 003 | |||
| 040 | |||
| 100 | |a Tomassini, Luciano | ||
| 245 | |a Introducción a la teoría de las relaciones internacionales / |c Luciano Tomassini | ||
| 773 | |g número13, (1988), 60 páginas | ||
| 999 | |c 22612 |d 22612 | ||
